Normal view
MARC view
Entry Corporate Name
001 - CONTROL NUMBER
- control field: 18953
003 - CONTROL NUMBER IDENTIFIER
- control field: OSt
005 - DATE AND TIME OF LATEST TRANSACTION
- control field: 20211105134339.0
008 - FIXED-LENGTH DATA ELEMENTS
- fixed length control field: 211105|| aca||aabn | a|a d
040 ## - CATALOGING SOURCE
- Original cataloging agency: OSt
- Transcribing agency: OSt
110 ## - HEADING--CORPORATE NAME
- Corporate name or jurisdiction name as entry element: NATO Scientific Affairs Division
670 ## - SOURCE DATA FOUND
- Source citation: Work cat.: (OSt): NATO Advanced Research Workshop California 1986 Aug. 4-9 18950, Strongly coupled plasma physics, 1987